| 000 | 01369namaa22003251i 4500 | ||
|---|---|---|---|
| 005 | 20260524124446.0 | ||
| 008 | 260524s1995 ua a|||frm||| 000 0 eng d | ||
| 040 |
_aEG-GICUC _beng _cEG-GICUC _dEG-GICUC _erda |
||
| 041 | 0 |
_aeng _beng _bara |
|
| 049 | _aDeposit | ||
| 097 | _aM.Sc | ||
| 099 | _aCai01.13.10.M.Sc.1995.Mo.C | ||
| 100 | 0 |
_aMostafa Abdel Sattar AWAD Ismail, _epreparation. |
|
| 245 | 1 | 0 |
_aA Computerized system for evaluation of parallel algorithm performance / _cBy Mostafa Abdel Sattar Awad Ismail ; Supervision Prof. Dr. Abdel-Latif El-Sedeek, Prof. Nevin Darwish, Tarek Dr. Tarek Hindam |
| 246 | 1 | 5 | _aنظام اّلي لتقييم أداء الخوارزمات المتوازية |
| 264 | 0 | _c1995. | |
| 300 |
_a132 pages _billustrations _c25 cm. + |
||
| 336 |
_2rda content _atext |
||
| 337 |
_2rdamedia _aUnmediated |
||
| 338 |
_2rdacarrier _avolume |
||
| 502 | _aThesis (M.Sc.)-Cairo University, 1995 | ||
| 504 | _aBibliography: pages 130-132 | ||
| 653 | 0 | _aevaluation of parallel algorithm performance | |
| 700 | 0 |
_aAbdel-Latif El-Sedeek _ethesis advisor. |
|
| 700 | 0 |
_aNevin Darwish _ethesis advisor. |
|
| 700 | 0 |
_aTarek Hindam _ethesis advisor. |
|
| 900 |
_DDepartment of Physics _FFaculty of Engineering _UCairo University _b1995 _cAbdel-Latif El-Sedeek _cNevin Darwish _cTarek Hindam |
||
| 905 | _aNehad | ||
| 942 |
_2ddc _cTH _e21 _n0 |
||
| 999 | _c180290 | ||